german players that win the ball on dor - Statistics

General Stats
  • This quiz has been taken 23 times
  • The average score is 4 of 5
Answer Stats
Hint Answer % Correct
1970 muller
100%
1972,76 beckenbauer
86%
1990 matthäus
79%
1996 sammer
64%
1981,82 rummenigge
50%
No matching quizzes found
Score Distribution
Percent of People with Each Score
Percentile by Number Answered
Your Score History
You have not taken this quiz